Millorar les condicions de vida : el moviment obrer a Catalunya (1890-1914) / Magda Fernàndez el moviment obrer a Catalunya (1890-1914) / Magda Fernàndez
Publicado:
Barcelona :
Editorial Graó, de Serveis Pedagògics : Servei d'Ensenyament de la Diputació de Barcelona ,
1987
Descripción Física:
62 p. : il. ; 20 x 21 cm
Colección:
Biblioteca de la classe ; 22
MARC
| LEADER | 00000nam a2200000Ia 4500 | ||
|---|---|---|---|
| 001 | 6120 | ||
| 008 | 160829s1987 xx 000 0 cat d | ||
| 080 | |a M-2-292 | ||
| 100 | |a Fernández, Magda |9 31988 | ||
| 245 | |a Millorar les condicions de vida : |b el moviment obrer a Catalunya (1890-1914) / Magda Fernàndez | ||
| 260 | |a Barcelona : |b Editorial Graó, de Serveis Pedagògics : |b Servei d'Ensenyament de la Diputació de Barcelona, |c 1987 | ||
| 300 | |a 62 p. : |b il. ; |c 20 x 21 cm | ||
| 490 | |a Biblioteca de la classe ; 22 | ||
| 650 | |a Moviment obrer |x Catalunya |x 1890/1914 |9 31989 | ||
| 650 | |a Treball |x Catalunya |x Història |x 1890/1914 |9 31990 | ||
| 650 | |a Catalunya |x Història |x 1890/1914 |9 31991 | ||
| 901 | |a Arxiu | ||
| 942 | |n 1 | ||
| 952 | |0 0 |1 0 |4 0 |6 M2292 |7 1 |9 45829 |a Arxiu |b Arxiu |d 2016-12-01 |l 0 |o M-2-292 |p 6120 |r 2016-12-01 00:00:00 |w 2016-12-01 |y ARXIU | ||
| 999 | |c 49329 |d 49329 | ||